| 000 | 00463nam a2200193Ia 4500 | ||
|---|---|---|---|
| 003 | OSt | ||
| 005 | 20251122094224.0 | ||
| 008 | 250729s1910 xx 000 0 und d | ||
| 020 | _a978-1892989154 | ||
| 040 | _cAL | ||
| 041 | _aeng | ||
| 082 | _a370 FLUP | ||
| 100 |
_aFlury Elice _9224725 |
||
| 245 | _aPractical hints on education to parents of teachers | ||
| 260 |
_aLondon _c1910 |
||
| 300 | _a206p | ||
| 650 |
_aEducation _9224726 |
||
| 942 |
_2ddc _cBED |
||
| 999 |
_c236555 _d236555 |
||